Návrh opatrení pre personálny marketing a získavanie nových zamestnancov v podniku MMM Wood, s.r.o, Michalová

Salvato in:
Dettagli Bibliografici
Autore principale: Cesnaková, Veronika (Autore)
Altri autori: Holeček, Jaroslav (Relatore della tesi)
Natura: Manoscritto Libro
Lingua:slovacco
Pubblicazione: 2015
Soggetti:
Accesso online:http://is.stuba.sk/zp/portal_zp.pl?podrobnosti=96091
Tags: Aggiungi Tag
Nessun Tag, puoi essere il primo ad aggiungerne!!

MARC

LEADER 00000ntm a22000003a 4500
001 stuzp50059
003 SK-STU
005 20160719153438.6
007 ta
008 150427s2015----xo-----f-mn---000-0-slo-d
040 |a STU  |b slo 
041 0 |a slo 
100 1 |a Cesnaková, Veronika  |u 064000  |4 aut  |U MTF Materiálovotechnologická fakulta  |T MTF Ústav priemyselného inžinierstva a manažmentu  |X 46745  |U M4000  |Y 84  |7 46745 
242 0 1 |a Proposed measures for personnel marketing and recruitment of employees in the company MMM Wood, s.r.o Michalová  |y eng 
245 1 0 |a Návrh opatrení pre personálny marketing a získavanie nových zamestnancov v podniku MMM Wood, s.r.o, Michalová 
260 |c 2015 
650 4 |a získavanie  |2 slo 
650 4 |a personálne oddelenie  |2 slo 
650 4 |a uchádzač  |2 slo 
650 4 |a Personnel Department  |2 eng 
650 4 |a retrieval  |2 eng 
650 4 |a candidate  |2 eng 
700 1 |a Holeček, Jaroslav  |4 ths  |X 53298  |7 A000053298 
856 4 |u http://is.stuba.sk/zp/portal_zp.pl?podrobnosti=96091 
996 |c M* BP-7328  |l MMSKP  |s P  |a 0  |w stuzp50059_0001 
SQL |a stuzp50059  |b DBP  |c SLO  |d Návrh opatrení pre personálny marketing a získavanie nových zamestnancov v podniku MMM Wood, s.r.o, Michalová  |e 46745  |f Cesnaková, Veronika  |g 064000  |h 53298  |i Holeček, Jaroslav  |j 20150622  |k 173  |l 06  |m http://is.stuba.sk/zp/portal_zp.pl?podrobnosti=96091  |n B-PPP  |o 5.2.52. priemyselné inžinierstvo